Les démocraties européennes : Institutions, élections et partis politiques (notice n° 2198743)
[ vue normale ]
| 000 -LEADER | |
|---|---|
| fixed length control field | 01321cam a2200157 4500500 |
| 005 - DATE AND TIME OF LATEST TRANSACTION | |
| control field | 20260405085601.0 |
| 041 ## - LANGUAGE CODE | |
| Language code of text/sound track or separate title | fre |
| 042 ## - AUTHENTICATION CODE | |
| Authentication code | dc |
| 100 10 - MAIN ENTRY--PERSONAL NAME | |
| Personal name | Brack, Nathalie |
| Relator term | author |
| 245 00 - TITLE STATEMENT | |
| Title | Les démocraties européennes : Institutions, élections et partis politiques |
| 260 ## - PUBLICATION, DISTRIBUTION, ETC. | |
| Name of publisher, distributor, etc. | Armand Colin,<br/> |
| Date of publication, distribution, etc. | 2015.<br/> |
| 520 ## - SUMMARY, ETC. | |
| Summary, etc. | L’Europe traverse actuellement une crise profonde et complexe, qui affecte tant l’Union européenne que les États qui la composent. Dans ce contexte, il est crucial de comprendre les systèmes politiques différents qui structurent, directement et indirectement, la vie de plus de 500 millions de citoyens.Cet ouvrage propose une analyse des régimes politiques des 28 États membres de l’Union européenne avec, en trame de fond, un questionnement relatif à l’émergence d’un modèle européen de démocratie. Cette nouvelle édition, mise à jour pour tenir compte des derniers développements politiques et institutionnels, montre que les démocraties européennes, bien que partageant certaines similitudes, portent aussi la trace de leur trajectoire nationale propre. |
| 700 10 - ADDED ENTRY--PERSONAL NAME | |
| Personal name | de Waele, Jean-Michel |
| Relator term | author |
| 700 10 - ADDED ENTRY--PERSONAL NAME | |
| Personal name | Pilet, Jean-Benoît |
| Relator term | author |
| 856 41 - ELECTRONIC LOCATION AND ACCESS | |
| Uniform Resource Identifier | <a href="https://shs.cairn.info/les-democraties-europeennes--9782200601621?lang=fr&redirect-ssocas=7080">https://shs.cairn.info/les-democraties-europeennes--9782200601621?lang=fr&redirect-ssocas=7080</a> |
Pas d'exemplaire disponible.




Réseaux sociaux